StatusPraesens. 2024, прил. [3] к № 1 (104): Вагинальная микробиота и репродуктивное здоровье: грани проблемы (Запись № 13167654)

Подробности
000 -МАРКЕР
контрольное поле 01790nam2a2200289 4500
001 - ИДЕНТИФИКАТОР ЗАПИСИ
контрольное поле RU\NLR\PER_A\003157302_001890
005 - ИДЕНТИФИКАТОР ВЕРСИИ
контрольное поле 20250625171942.0
035 ## - ДРУГИЕ СИСТЕМНЫЕ НОМЕРА
Идентификатор записи (NLR Aleph) 022243558
100 ## - ДАННЫЕ ОБЩЕЙ ОБРАБОТКИ
Данные общей обработки 20240605d2024 |||y0rusy50 ca
101 0# - ЯЗЫК РЕСУРСА
Язык текста, звукозаписи и т.д. русский
102 ## - СТРАНА ПУБЛИКАЦИИ ИЛИ ПРОИЗВОДСТВА
Страна публикации Российская Федерация
200 1# - ЗАГЛАВИЕ И СВЕДЕНИЯ ОБ ОТВЕТСТВЕННОСТИ
Основное заглавие Вагинальная микробиота и репродуктивное здоровье: грани проблемы
Сведения, относящиеся к заглавию репринт
Первые сведения об ответственности А.А. Хрянин, д.м.н., проф., А.И. Жукова, к.м.н.
210 ## - ПУБЛИКАЦИЯ, РАСПРОСТРАНЕНИЕ И ДР.
Дата издания, распространения и т.д. 2024
Место издания, распространения и т.д. Б. м.
215 ## - ФИЗИЧЕСКАЯ ХАРАКТЕРИСТИКА
Специфическое обозначение материала и объем 5 с.
Другие сведения о физической характеристике цв. ил., портр.
Размеры 27
320 ## - ПРИМЕЧАНИЯ О НАЛИЧИИ В ДОКУМЕНТЕ БИБЛИОГРАФИИ / УКАЗАТЕЛЯ
Текст примечания Библиогр.: с. 5
461 #0 - УРОВЕНЬ НАБОРА
Встроенное поле 001RU\NLR\Per\679088
-- 2001#$aStatusPraesens$eгинекология, акушерство, бесплодный брак$eнаучно-практический журнал для акушеров-гинекологов и специалистов акушерско-гинекологической службы$v2024, прил. [3] к № 1 (104)
Системный номер (АБИС) связанной записи 3067588
Место публикации Москва
Дата публикации 2009 -
Имя издателя, распространителя и т.д. Медиабюро Статус презенс
Сведения, относящиеся к заглавию гинекология, акушерство, бесплодный брак : научно-практический журнал для акушеров-гинекологов и специалистов акушерско-гинекологической службы
Заглавие StatusPraesens
ISSN 2074-2347
Номер тома 2024, прил. [3] к № 1 (104)
606 1# - НАИМЕНОВАНИЕ ТЕМЫ КАК ПРЕДМЕТ
Наименование темы Влагалище
Тематический подзаголовок Микрофлора
Системный номер авторитетной/нормативной записи 1321236
Идентификатор авторитетной/нормативной записи RU\NLR\AUTH\66233116
686 1# - ИНДЕКСЫ ДРУГИХ КЛАССИФИКАЦИЙ
Индекс Р264.269
686 1# - ИНДЕКСЫ ДРУГИХ КЛАССИФИКАЦИЙ
Индекс Р715-2
700 #1 - ИМЯ ЛИЦА - ПЕРВИЧНАЯ ОТВЕТСТВЕННОСТЬ
Начальный элемент ввода Хрянин
Часть имени, кроме начального элемента ввода А.А.
Расширение инициалов личного имени Алексей Алексеевич
701 #1 - ИМЯ ЛИЦА - АЛЬТЕРНАТИВНАЯ ОТВЕТСТВЕННОСТЬ
Начальный элемент ввода Жукова
Часть имени, кроме начального элемента ввода А.И.
Расширение инициалов личного имени Анна Ильинична
852 ## - МЕСТОНАХОЖДЕНИЕ И ШИФР ХРАНЕНИЯ
Идентификатор организации NLR
Шифр хранения (Call Number) П17/1419
942 ## - ДОПОЛНИТЕЛЬНЫЕ ЭЛЕМЕНТЫ ЗАПИСИ (АБИС)
Тип экземпляра АБИС Выпуск
980 ## - КОЛЛЕКЦИЯ
Название коллекции Национальная библиография
980 ## - КОЛЛЕКЦИЯ
Название коллекции Русская периодика

Нет доступных экземпляров.